Real Madrid Players 2024 - Statistics

General Stats
  • This quiz has been taken 317 times
  • The average score is 15 of 21
Answer Stats
Hint Answer % Correct
FW Vinícius Jr.
93%
GK Lunin
91%
FW Rodrygo
90%
CM Modrić
86%
CB Rüdiger
85%
RB Carvajal
82%
CM Bellingham
81%
CM Kroos
80%
LB Mendy
79%
CM Camavinga
78%
CB Militão
76%
CM Valverde
71%
LB Alaba
70%
FW Joselu
67%
CM Tchouaméni
67%
CB/LB/RB Nacho
64%
GK Kepa
62%
FW Díaz
58%
CM Güler
54%
RB Vázquez
53%
LB García
48%
No matching quizzes found
Score Distribution
Percent of People with Each Score
Percentile by Number Answered
Your Score History
You have not taken this quiz